Súčasná ekonomická situácia Juhoafrickej republiky bakalárska práca

Salvato in:
Dettagli Bibliografici
Autore principale: Kuchťáková, Karolína
Ente Autore: Fakulta medzinárodných vzťahov EU. Katedra medzinárodných ekonomických vzťahov a hospodárskej diplomacie
Altri autori: Zagoršeková, Natália, 1991-
Natura: Libro
Lingua:slovacco
Pubblicazione: Bratislava 2024
Tags: Aggiungi Tag
Nessun Tag, puoi essere il primo ad aggiungerne!!

MARC

LEADER 00000nbm a2200000 4500
001 0301794
005 20250908112644.1
041 0 |a slo 
044 |a SK 
245 1 0 |a Súčasná ekonomická situácia Juhoafrickej republiky  |b bakalárska práca  |c Karolína Kuchťáková ; školiteľ: Natália Zagoršeková 
264 1 |a Bratislava  |c 2024 
300 |a 52 s. 
100 1 |a Kuchťáková, Karolína 
700 1 |a Zagoršeková, Natália, 1991- 
710 2 |a Fakulta medzinárodných vzťahov EU. Katedra medzinárodných ekonomických vzťahov a hospodárskej diplomacie